A avó e a escola (Registo nº 1215)
[ vista simples ]
| 000 -Etiqueta do registo | |
|---|---|
| Cabeçalho | 00738nam0a2200253 4500 |
| 005 - Identificador da versão | |
| Campo de controlo | 20240813121829.0 |
| 010 ## - Número internacional normalizado dos livros (ISBN) | |
| Número (ISBN) | 9789896471354 |
| 021 ## - Número do Depósito Legal | |
| Código do país | PT |
| Número | 304088/09 |
| 100 ## - Dados gerais de processamento | |
| Dados gerais de processamento | 20150807d2010 c y0pory5003 ba |
| 102 ## - Pais de publicação ou produção | |
| País de publicação | Portugal |
| 101 0# - Língua de publicação | |
| Língua do texto, banda sonora, etc. | Português |
| 215 ## - Descrição física | |
| Indicação específica da natureza do documento e extensão da espécie | 35 , [1] p. |
| Outras indicações físicas | il. color |
| 200 1# - Titulo e menção de responsabilidade | |
| Título próprio | A avó e a escola |
| Primeira menção de responsabilidade | Odete Praça |
| Outras menções de responsabilidade | il. Abigail Ascenso |
| 225 2# - Colecção | |
| Título próprio da colecção | Pasta mágica |
| Informação de outro título da colecção | Literatura |
| Nome de uma parte ou secção | Infanto-juvenil |
| 210 ## - Publicação, Distribuição, etc. | |
| Lugar da edição, distribuição, etc. | Porto |
| Nome do editor, distribuidor, etc. | Areal Ed. |
| Data da publicação, distribuição, etc. | 2010 |
| 606 ## - Nome comum usado como assunto | |
| Número de registo de entrada de autoridade | 0002007 |
| Palavra de ordem | Literatura portuguesa |
| Subdivisão de assunto | Poesia |
| Código do sistema | CA |
| 675 ## - Classificação Decimal Universal (CDU) | |
| Notação | 821.134.3-1 |
| Edição | 3ª ed. |
| Língua da edição | por |
| 701 #1 - Nome de autor-pessoa física (co-responsabilidade principal) | |
| Palavra de ordem | Ascenso |
| Outra parte do nome não tomada para palavra de ordem | Abigail |
| Código de função | Ilustrador / Técnico de desenho computorizado |
| 700 #1 - Nome de autor-pessoa física (responsabilidade principal) | |
| Número de registo de entrada de autoridade | 0001708 |
| Palavra de ordem | Praça |
| Outra parte do nome não tomada para palavra de ordem | Odete |
| 966 ## - Identificação da Biblioteca | |
| Sigla | EB2,3ENM |
| 942 ## - Elementos de entrada adicionados (Koha) | |
| Tipo de item no Koha | Livro |
| Situação do levantamento | Origin of item (home branch) (coded) | Biblioteca de empréstimo | Código de barras | Cota | Circulation type (not for loan) | Tipo de documento | Nota do exemplar | Damaged status |
|---|---|---|---|---|---|---|---|---|
| Biblioteca Escolar Eng. Nuno Mergulhão | Biblioteca Escolar Eng. Nuno Mergulhão | BENM2357 | 82LP-1 PRA | Livro | Sem mensagem | |||
| Biblioteca Escolar Eng. Nuno Mergulhão | Biblioteca Escolar Eng. Nuno Mergulhão | BENM2358 | 82LP-1 PRA | Livro | Sem mensagem | |||
| Biblioteca Escolar Eng. Nuno Mergulhão | Biblioteca Escolar Eng. Nuno Mergulhão | BENM2359 | 82LP-1 PRA | Livro | Sem mensagem | |||
| Biblioteca Escolar Eng. Nuno Mergulhão | Biblioteca Escolar Eng. Nuno Mergulhão | BENM2360 | 82LP-1 PRA | Livro | Sem mensagem |
